000
00373nam a2200133Ia 4500
008
151001s9999||||xx |||||||||||||| ||und||
100
_a
प्रिया तेंडूलकर
245
_a
जन्मलेल्या प्रत्येकाला
250
_a
1
260
_b
डिंपल
260
_c
1998
300
_a
203
365
_b
21
999
_c
968932
_d
968929